| 000 | 00774nam a22002417a 4500 | ||
|---|---|---|---|
| 005 | 20161213103709.0 | ||
| 008 | 150506b xxu||||| |||| 00| 0 spa d | ||
| 041 | _aEspañol | ||
| 082 | _a 371.39 J93j | ||
| 245 | _a365 Juegos para potenciar la inteligencia de su hijo | ||
| 260 |
_aEspaña _bLexus _c2014 |
||
| 650 |
_aAPRENDIZAJE _935114 |
||
| 650 |
_aJUEGOS PARA NIÑOS _935115 |
||
| 650 |
_aINTELIGENCIA DEL NIÑO _935116 |
||
| 650 |
_aDESARROLLO DE HABILIDADES _932703 |
||
| 650 |
_aACTIVIDADES RECREATIVAS _935117 |
||
| 650 |
_aACTIVIDADES SENCILLAS _935118 |
||
| 650 |
_aACTIVIDADES COMPLEJAS _935119 |
||
| 650 |
_aACTIVIDADES POR EDAD _935120 |
||
| 650 |
_aACTIVIDADES DENTRO DE LA CASA _935121 |
||
| 650 |
_aACTIVIDADES FUERA DE LA CASA _935122 |
||
| 942 | _cBK | ||
| 999 |
_c5140 _d5140 |
||